Elements of ancient law. (Record no. 832)
[ view plain ]
| 000 -LEADER | |
|---|---|
| fixed length control field | 00435cam a2200181ua 4500 |
| 008 - FIXED-LENGTH DATA ELEMENTS--GENERAL INFORMATION | |
| fixed length control field | 110423n ii |||gr||||Z||||||eng |
| 040 ## - CATALOGING SOURCE | |
| Transcribing agency | MAIN |
| 082 ## - DEWEY DECIMAL CLASSIFICATION NUMBER | |
| Classification number | 340.53 |
| 245 1# - TITLE STATEMENT | |
| Title | Elements of ancient law. |
| Statement of responsibility, etc. | By D Pathak. |
| 250 ## - EDITION STATEMENT | |
| Edition statement | 1st. |
| 260 ## - PUBLICATION, DISTRIBUTION, ETC. | |
| Place of publication, distribution, etc. | Gowahati.: |
| Name of publisher, distributor, etc. | P M Pathak.,969. |
| 300 ## - PHYSICAL DESCRIPTION | |
| Extent | 112 p.:2 cm. |
| 700 ## - ADDED ENTRY--PERSONAL NAME | |
| Personal name | Pathak, D., |
| 942 ## - ADDED ENTRY ELEMENTS (KOHA) | |
| Koha item type | Books |
| 653 ## - INDEX TERM--UNCONTROLLED | |
| Uncontrolled term | Political science. |
| 653 ## - INDEX TERM--UNCONTROLLED | |
| Uncontrolled term | Elements of ancient law. |
| Withdrawn status | Lost status | Damaged status | Not for loan | Home library | Current library | Shelving location | Date acquired | Total Checkouts | Full call number | Barcode | Date last seen | Copy number | Price effective from | Koha item type |
|---|---|---|---|---|---|---|---|---|---|---|---|---|---|---|
| Central Library, Naharkatiya College | Central Library, Naharkatiya College | General Stacks | 19/09/2020 | 340.53 | PAT | 1243 | 19/09/2020 | 1 | 19/09/2020 | Books | |||||
| Central Library, Naharkatiya College | Central Library, Naharkatiya College | General Stacks | 19/09/2020 | 340.53 | PAT | 1244 | 19/09/2020 | 2 | 19/09/2020 | Books |
